WWII ships - Statistics

General Stats
  • This quiz has been taken 219 times
  • The average score is 7 of 13
Answer Stats
Hint Answer % Correct
Mighty Hood HMS Hood
91%
US ship sunk at Pearl Harbor now a museum USS Arizona
85%
One of the largest warship built for the Kriegsmarine Bismarck
81%
Big E USS Enterprise
70%
Japanese surrendered on this ship USS Missouri
70%
^ This ships big sister and flagship of the Baltic fleet Tirpitz
68%
US aircraft carrier sunk at Midway USS Yorktown
58%
British Aircraft Carrier sunk in 1941 HMS Ark Royal
53%
German Admiral Hipper-class heavy cruise Prinz Eugen
43%
^ Sister ship of the one above HIJMS Musashi
40%
The lead ship of the her class of battleships built for the Imperial Japanese HIJMS Yamoto
16%
Last US ship to be sunk in WWII USS Bullhead
2%
Second most battle stars earned for American ships USS San Diego
1%
No matching quizzes found
Score Distribution
Percent of People with Each Score
Percentile by Number Answered
Your Score History
You have not taken this quiz